Taub's principles of communications systems (Record no. 4813)
[ view plain ]
| 000 -LEADER | |
|---|---|
| fixed length control field | 00444nam a2200169Ia 4500 |
| 008 - FIXED-LENGTH DATA ELEMENTS--GENERAL INFORMATION | |
| fixed length control field | 230711s9999||||xx |||||||||||||| ||und|| |
| 041 ## - LANGUAGE CODE | |
| Language code of text/sound track or separate title | ENG |
| 082 ## - DEWEY DECIMAL CLASSIFICATION NUMBER | |
| Classification number | 621 |
| Item number | TA-T |
| 100 ## - MAIN ENTRY--PERSONAL NAME | |
| Personal name | Taub Herbert |
| 245 #0 - TITLE STATEMENT | |
| Title | Taub's principles of communications systems |
| 250 ## - EDITION STATEMENT | |
| Edition statement | 3rd . Ed. |
| 260 ## - PUBLICATION, DISTRIBUTION, ETC. | |
| Date of publication, distribution, etc. | 2008 |
| Place of publication, distribution, etc. | New Delhi |
| Name of publisher, distributor, etc. | Tata McGraw Hill Education Limited |
| 300 ## - PHYSICAL DESCRIPTION | |
| Extent | 842 |
| 650 ## - SUBJECT ADDED ENTRY--TOPICAL TERM | |
| Topical term or geographic name entry element | Electronics Engineering |
| 700 ## - ADDED ENTRY--PERSONAL NAME | |
| Personal name | Schilling,D.L |
| 942 ## - ADDED ENTRY ELEMENTS (KOHA) | |
| Koha item type | Book |
| Withdrawn status | Lost status | Damaged status | Not for loan | Collection | Home library | Current library | Date acquired | Total checkouts | Full call number | Barcode | Date last seen | Price effective from | Koha item type | Date last checked out |
|---|---|---|---|---|---|---|---|---|---|---|---|---|---|---|
| MRSPTU Central Library | MRSPTU Central Library | 621 TA-T | 16890 | 08/17/2023 | 08/17/2023 | Book | ||||||||
| MRSPTU Central Library | MRSPTU Central Library | 621 TA-T | 16891 | 08/17/2023 | 08/17/2023 | Book | ||||||||
| MRSPTU Central Library | MRSPTU Central Library | 1 | 621 TA-T | 16892 | 06/06/2025 | 08/17/2023 | Book | 03/25/2025 | ||||||
| MRSPTU Central Library | MRSPTU Central Library | 621 TA-T | 16893 | 08/17/2023 | 08/17/2023 | Book | ||||||||
| MRSPTU Central Library | MRSPTU Central Library | 621 TA-T | 16894 | 08/17/2023 | 08/17/2023 | Book | ||||||||
| MRSPTU Central Library | MRSPTU Central Library | 621 TA-T | 16895 | 08/17/2023 | 08/17/2023 | Book | ||||||||
| MRSPTU Central Library | MRSPTU Central Library | 621 TA-T | 16896 | 08/17/2023 | 08/17/2023 | Book | ||||||||
| MRSPTU Central Library | MRSPTU Central Library | 621 TA-T | 16897 | 08/17/2023 | 08/17/2023 | Book | ||||||||
| MRSPTU Central Library | MRSPTU Central Library | 621 TA-T | 16898 | 08/17/2023 | 08/17/2023 | Book | ||||||||
| MRSPTU Central Library | MRSPTU Central Library | 621 TA-T | 16899 | 08/17/2023 | 08/17/2023 | Book |
